| 000 | 01037cam a2200277 4500 | ||
|---|---|---|---|
| 001 | sa 68015844 | ||
| 003 | DLC | ||
| 005 | 20260227112647.0 | ||
| 008 | 700624s1968 ii c b 011 0 eng | ||
| 010 | _asa 68015844 | ||
| 025 | _aPL480:I-E-11098 | ||
| 040 |
_aDLC _cDLC _dDLC |
||
| 050 | 0 | 0 |
_aAC5 _b.W63 |
| 082 | 0 | 0 | _a109 |
| 245 | 0 | 0 |
_aWorld perspectives in philosophy, religion, and culture; _bessays presented to Professor Dhirendra Mohan Datta. _cEditor: Ram Jee Singh. Editorial board: A. C. Ewing [and others. |
| 260 |
_aPatna] _bBharati Bhawan _c[1968] |
||
| 300 |
_axxx, 480 p. _bport. _c26 cm. |
||
| 350 | _a50.00 | ||
| 500 | _a"Brought out by the Bihar Darshan Parishad in commemoration of the 70th birthday of Dr. D. M. Datta." | ||
| 504 | _aList of D. M. Datta's works: p. xx-xxiii. | ||
| 504 | _aIncludes bibliographical references. | ||
| 600 | 1 | 0 |
_aDatta, Dhirendra Mohan, _d1898- |
| 700 | 1 |
_aDatta, Dhirendra Mohan, _d1898- |
|
| 700 | 1 | _aSingh, Ramjee. | |
| 700 | 1 |
_aEwing, A. C. _q(Alfred Cyril), _d1899-1973, _eed. |
|
| 999 |
_c86721 _d86721 |
||